| 000 | 00995nam a2200301 i 4500 | ||
|---|---|---|---|
| 003 | DO-SdBNP | ||
| 005 | 20250730115529.0 | ||
| 006 | a||||br|||| 00| 0 | ||
| 007 | ta | ||
| 008 | 230621e2012 dr ||||| |||| 00| j spa d | ||
| 020 | _a9789945475357 | ||
| 040 |
_aDO-SdBNP _bspa _cBNPHU _erda |
||
| 082 | 4 |
_aRD862.5 _bC198r _222 |
|
| 100 | 1 |
_a Sagaseta de Ilúrdoz, Koldo Campos _984793 |
|
| 245 | 1 | 0 |
_aEl rey necio / _cKoldo Campos Sagaseta de Ilúrdoz |
| 264 | 4 |
_aSanto Domingo : _bNacional, _c2012 |
|
| 300 |
_a58 páginas ; _c23 cm. |
||
| 336 |
_2rdaconten _atexto _btexto |
||
| 337 |
_2rdamedia _asin mediación _bn |
||
| 338 |
_2rdacarrier _avolumen _bnc |
||
| 500 | _aIncluye datos biográficos del autor en la solapa de la cubierta | ||
| 586 | _aPremio Letras de Ultramar de Literatura Infantil . | ||
| 590 | _aInventariado 2023 / MF | ||
| 650 | 4 |
_aCuentos domincanos _982738 |
|
| 650 | 4 |
_aLiteratura dominicana. _967 |
|
| 910 | _aValidado. Control de calidad /MAA | ||
| 942 |
_2ddc _cLBS1 |
||
| 999 |
_c53886 _d53886 |
||